[Event "SB-2017-0-00483"]
[Site "LSS email"]
[Date "2017.01.10"]
[Round "?"]
[White "Pilgram, Kurt"]
[Black "Koehler, Josef"]
[Result "1/2-1/2"]
[WhiteElo "2052"]
[BlackElo "2055"]
[PlyCount "47"]
[EventDate "2016.12.11"]
[EventType "tourn (corr)"]
[EventRounds "6"]
[EventCountry "GER"]
[SourceTitle "Corr 2022"]
[Source "ChessBase"]
[SourceDate "2021.10.24"]
[SourceVersion "1"]
[SourceVersionDate "2021.10.24"]
[SourceQuality "1"]

1. d4 Nf6 2. c4 e6 3. Nf3 d5 4. Nc3 c6 5. Bg5 h6 6. Bh4 dxc4 7. e4 g5 8. Bg3 b5 9. Be2 Bb7 10. 0-0 Nbd7 11. Qc2 Nh5 12. d5 Nxg3 13. hxg3 Bg7 14. Rad1 exd5 15. exd5 cxd5 16. Nxd5 0-0 17. a4 a6 18. axb5 axb5 19. b3 Nb6 20. bxc4 Nxc4 21. Nc3 Na3 22. Rxd8 Nxc2 23. Rxa8 Rxa8 24. Nxb5 1/2-1/2

[Event "RB-2017-0-00332"]
[Site "LSS email"]
[Date "2017.01.07"]
[Round "?"]
[White "Koehler, Josef"]
[Black "Sorcinelli, Andrea"]
[Result "1/2-1/2"]
[WhiteElo "2069"]
[BlackElo "2056"]
[PlyCount "80"]
[EventDate "2016.11.15"]
[EventType "tourn (corr)"]
[EventRounds "6"]
[EventCountry "GER"]
[SourceTitle "Corr 2022"]
[Source "ChessBase"]
[SourceDate "2021.10.24"]
[SourceVersion "1"]
[SourceVersionDate "2021.10.24"]
[SourceQuality "1"]

1. Nf3 c5 2. g3 Nc6 3. Bg2 g6 4. 0-0 Bg7 5. c4 e6 6. Nc3 Nge7 7. d3 0-0 8. Bd2 d5 9. a3 b6 10. Rb1 a5 11. Qa4 d4 12. Nb5 Bb7 13. Qc2 a4 14. e4 e5 15. h4 h6 16. b4 axb3 17. Qc1 h5 18. Ng5 Bc8 19. Rxb3 f6 20. Nf3 Be6 21. Qe1 Qd7 22. Nh2 Rae8 23. Rb1 Nd8 24. f4 Nf7 25. Nf3 Nc6 26. Rb2 Nh6 27. fxe5 Nxe5 28. Nxe5 fxe5 29. Rxf8+ Rxf8 30. Bg5 Nf7 31. Bc1 Bh6 32. Rf2 Bxc1 33. Qxc1 Qe7 34. Qd2 Kg7 35. Bf3 Nh6 36. Qc1 Bg4 37. Bxg4 Rxf2 38. Kxf2 Nxg4+ 39. Ke2 Ne3 40. Qh1 Qb7 1/2-1/2

[Event "CP-2016-Q-00002"]
[Site "LSS email"]
[Date "2016.11.23"]
[Round "?"]
[White "Koehler, Josef"]
[Black "Kuzmin, Konstantin"]
[Result "1/2-1/2"]
[WhiteElo "2069"]
[BlackElo "2379"]
[PlyCount "92"]
[EventDate "2016.12.01"]
[EventType "tourn (corr)"]
[EventRounds "6"]
[EventCountry "GER"]
[SourceTitle "Corr 2022"]
[Source "ChessBase"]
[SourceDate "2021.10.24"]
[SourceVersion "1"]
[SourceVersionDate "2021.10.24"]
[SourceQuality "1"]

1. Nf3 d5 2. g3 Nf6 3. Bg2 c6 4. 0-0 Bf5 5. d4 e6 6. c4 h6 7. Nc3 Nbd7 8. b3 Be7 9. Bb2 0-0 10. Nd2 Qb6 11. Qc1 a5 12. e4 dxe4 13. Ndxe4 Nxe4 14. Bxe4 Bxe4 15. Nxe4 a4 16. Qe3 Qa5 17. Rad1 Qh5 18. f3 Rfd8 19. Kg2 Nf6 20. Nc5 axb3 21. axb3 Ra2 22. Nd3 Ba3 23. Rf2 Bxb2 24. Rxb2 Rxb2+ 25. Nxb2 Qa5 26. Na4 b5 27. Nc5 Qa7 28. Qe2 bxc4 29. bxc4 Ne8 30. Rd2 Nd6 31. Ra2 Qe7 32. g4 Qg5 33. Ne4 Nxe4 34. Qxe4 h5 35. h3 g6 36. Re2 h4 37. f4 Qf6 38. Rd2 Qe7 39. c5 Rd5 40. Qe3 Qf6 41. Rd3 Kg7 42. Rd2 Kf8 43. Kg1 Kg8 44. Kh2 Kh7 45. g5 Qd8 46. Kg2 Kg8 1/2-1/2

[Event "CP-2016-P-00003"]
[Site "LSS email"]
[Date "2016.09.27"]
[Round "?"]
[White "Koehler, Josef"]
[Black "Hlavica, Bretislav"]
[Result "1/2-1/2"]
[WhiteElo "2079"]
[BlackElo "2138"]
[PlyCount "64"]
[EventDate "2016.10.01"]
[EventType "tourn (corr)"]
[EventRounds "6"]
[EventCountry "GER"]
[SourceTitle "Corr 2022"]
[Source "ChessBase"]
[SourceDate "2021.10.24"]
[SourceVersion "1"]
[SourceVersionDate "2021.10.24"]
[SourceQuality "1"]

1. Nf3 Nf6 2. g3 d5 3. Bg2 c6 4. 0-0 Bg4 5. h3 Bh5 6. d3 Nbd7 7. Nbd2 e5 8. e4 dxe4 9. Nxe4 Nxe4 10. dxe4 Be7 11. Be3 0-0 12. c3 Qc7 13. Qc2 Bc5 14. Bd2 f6 15. Nh4 a5 16. Bf3 Bf7 17. Nf5 b5 18. Be2 Rfd8 19. Kg2 Bf8 20. Be3 Nc5 21. Bxc5 Bxc5 22. a4 Qb6 23. axb5 cxb5 24. b4 axb4 25. Rxa8 Rxa8 26. cxb4 Bf8 27. Qd3 Rb8 28. Rb1 Ba2 29. Rb2 Bc4 30. Qd1 Be6 31. Ne3 Rd8 32. Nd5 Bxd5 1/2-1/2